Ртуть в почвах локальных территорий Забайкалья; Проблемы геологии и освоения недр; Т. 1

Bibliografiske detaljer
Parent link:Проблемы геологии и освоения недр=Problems of Geology and Subsurface Development: труды XXVIII Международного молодежного научного симпозиума имени академика М.А. Усова, посвященного 125-летию со дня рождения академика Академии наук СССР, профессора К.И. Сатпаева и 130-летию со дня рождения члена-корреспондента Академии наук СССР, профессора Ф.Н. Шахова, 1-5 апреля 2024 г., г. Томск/ Национальный исследовательский Томский политехнический университет, Инженерная школа природных ресурсов ; гл. ред. А. С. Боев ; под ред. Е. Ю. Пасечник.— .— Томск: Изд-во ТПУ, 2024
Т. 1.— 2024.— С. 208-209
Hovedforfatter: Буданова В. В.
Institution som forfatter: Национальный исследовательский Томский политехнический университет (570)
Andre forfattere: Жорняк Л. В. Лина Владимировна (научный руководитель)
Summary:Заглавие с экрана
Текстовый файл
Sprog:russisk
Udgivet: 2024
Serier:Геоэкология и геохимия окружающей среды
Fag:
Online adgang:http://earchive.tpu.ru/handle/11683/81514
Format: MixedMaterials Electronisk Book Chapter
KOHA link:https://koha.lib.tpu.ru/cgi-bin/koha/opac-detail.pl?biblionumber=676761

MARC

LEADER 00000naa2a2200000 4500
001 676761
005 20241128103720.0
090 |a 676761 
100 |a 20241119d2024 k||y0rusy50 ca 
101 0 |a rus 
102 |a RU 
135 |a drcn ---uucaa 
200 1 |a Ртуть в почвах локальных территорий Забайкалья  |f Буданова В. В.  |g науч. рук. Л. В. Жорняк ; Национальный исследовательский Томский политехнический университет 
225 1 |a Геоэкология и геохимия окружающей среды 
300 |a Заглавие с экрана 
320 |a Литература: 5 назв. 
336 |a Текстовый файл 
461 1 |0 676173  |9 676173  |t Проблемы геологии и освоения недр  |l Problems of Geology and Subsurface Development  |o труды XXVIII Международного молодежного научного симпозиума имени академика М.А. Усова, посвященного 125-летию со дня рождения академика Академии наук СССР, профессора К.И. Сатпаева и 130-летию со дня рождения члена-корреспондента Академии наук СССР, профессора Ф.Н. Шахова, 1-5 апреля 2024 г., г. Томск  |f Национальный исследовательский Томский политехнический университет, Инженерная школа природных ресурсов ; гл. ред. А. С. Боев ; под ред. Е. Ю. Пасечник  |c Томск  |d 2024  |n Изд-во ТПУ 
463 1 |0 676178  |9 676178  |t Т. 1  |d 2024  |v С. 208-209  |u conference_tpu-2024-C11_V1.pdf 
610 1 |a труды учёных ТПУ 
610 1 |a электронный ресурс 
610 1 |a почва 
610 1 |a природная среда 
610 1 |a ртуть 
610 1 |a тяжелые металлы 
610 1 |a горные породы 
700 1 |a Буданова  |b В. В. 
702 1 |a Жорняк  |b Л. В.  |c геохимик  |c доцент Томского политехнического университета, кандидат геолого-минералогических наук  |f 1981-  |g Лина Владимировна  |4 727 
712 0 2 |a Национальный исследовательский Томский политехнический университет  |c (2009- )  |4 570  |9 26305 
801 0 |a RU  |b 63413507  |c 20241119  |g RCR 
850 |a 63413507 
856 4 |u http://earchive.tpu.ru/handle/11683/81514  |z http://earchive.tpu.ru/handle/11683/81514 
942 |c CF